| 000 | 00547nam a2200193 a 4500 | ||
|---|---|---|---|
| 001 | 3549898 | ||
| 005 | 20241125173007.0 | ||
| 008 | 970410s1996 moua b 001 0 eng | ||
| 020 | _a9780815107170 | ||
| 050 | 0 | 0 |
_aQB45 _b.A77 1996 |
| 082 | 0 | 0 |
_a520 _221 |
| 100 | 1 | _aArny, Thomas. | |
| 245 | 1 | 0 |
_aExplorations : _ban introduction to astronomy / _cThomas T. Arny. |
| 260 |
_aBoston _bWCB/McGraw-Hill _cc1996. |
||
| 300 |
_axxiii.(various pagings): _bcol. ill. ; _c27 cm. |
||
| 500 | _a"1996 version". | ||
| 650 | 0 | _aAstronomy. | |
| 942 |
_2lcc _cBK _n0 |
||
| 999 |
_c1529 _d1529 |
||